000 00398nam a2200181Ia 4500
008 210210b1947 xxu||||| |||| 00| 0 eng d
041 _aeng
082 _a883/16
100 _aBHASA
245 _aSvapna vasvadatta by AchArya
260 _aMumbai
_b-
_c1947
650 _avasvadatta
650 _aSvapna
650 _aby
650 _aAchArya
690 _aSanskrit Drama
906 _a024346
999 _c149833
_d149833